La paz del futuro : biocracia : la superación digna de la biósfera a la luz del tercer milenio /

La autora propone una democracia ecológica científica, nombrada como biocracia que se entiende como el gobierno para la vida en el que el pueblo ejerce la soberanía en armonía consigo mismo y la naturaleza. ES la existencia del hombre con un sentido de equilibrio y sostenibilidad con un fundamento t...

Descripció completa

Guardat en:
Dades bibliogràfiques
Autor principal: Sotomayor Gómez, Pilar (autor)
Format: Llibre
Idioma:espanyol
Publicat: México : Octavio Colmenares 2010, c2010
Matèries:
Etiquetes: Afegir etiqueta
Sense etiquetes, Sigues el primer a etiquetar aquest registre!

MARC

LEADER 00000nam^a2200000^a^4500
001 000307687
005 20250521000000.0
009 20260310112854.358
020 |a 978-607-00-3116-8 
037 |a Acervo ITESO - Biblioteca 
041 |a ESP 
082 |a 320. 01  |b SOT 
100 |a Sotomayor Gómez, Pilar  |e (autor) 
245 1 3 |a La paz del futuro :  |b biocracia : la superación digna de la biósfera a la luz del tercer milenio /  |c P. Sotomayor Gómez ; presen. de Jesús Anlén López ; pról. de Mónica Arriola Gordillo. 
264 4 |a México :  |b Octavio Colmenares  |c 2010, c2010 
300 |a 27 p. 
336 |a texto  |b txt  |2 rdacontenido 
337 |a sin mediación  |b n  |2 rdamedio 
338 |a volumen  |b nc  |2 rdasoporte 
520 |a La autora propone una democracia ecológica científica, nombrada como biocracia que se entiende como el gobierno para la vida en el que el pueblo ejerce la soberanía en armonía consigo mismo y la naturaleza. ES la existencia del hombre con un sentido de equilibrio y sostenibilidad con un fundamento tanto democrático como justo. 
649 |a XX 
650 |a Ecosistemas 
650 |a Biósfera -  |x Tema principal 
650 |a Deterioro Ambiental 
650 |a Derechos Humanos -  |x Tema Principal 
650 |a Derecho Ambiental 
650 |a Conservación y Protección Ambiental 
650 |a Medio Ambiente -  |x Aspectos Eticos 
650 |a Ecología Social 
650 |a Democracia -  |x Tema Principal 
650 |a Política -  |x Teoría 
910 |a Fondo General 
920 |a Impresos - Libros 
930 |a Colección General 
905 |a 101 
901 |a 0500193964  |b IT1  |c ACC  |i C125251  |u 20250521 
902 |a https://opac.biblio.iteso.mx/vufind/Record/000307687